| 000 | 00666nam a2200193Ia 4500 | ||
|---|---|---|---|
| 008 | 151121s9999||||xx |||||||||||||| ||und|| | ||
| 082 | _a831 / कर्द म | ||
| 082 | _bHNW-74793 | ||
| 100 | _aकर्दम जयप्रकाश | ||
| 245 | _aगूंगा नहीं था मैं | ||
| 260 | _b"अतिश प्रकाशन, दिल्ली" | ||
| 260 | _c-- | ||
| 300 | _a72 | ||
| 600 | _aकर्दम जयप्रकाश | ||
| 630 | _aगूंगा नहीं था मैं | ||
| 700 | _aकर्दम जयप्रकाश | ||
| 730 | _aगूंगा नहीं था मैं | ||
| 942 | _cBOOK | ||
| 999 |
_c1256239 _d1256236 |
||